| 000 | 00844cab a2200301 4500 | ||
|---|---|---|---|
| 001 | ABS46319 | ||
| 008 | 090401t1992 xxu||||| |||| 00| 0 eng d | ||
| 035 | _a(Sirsi) u57773 | ||
| 041 | _aeng | ||
| 100 | _aWeatherhead, P. | ||
| 245 | _aHale and hearty | ||
| 260 | _c1992 | ||
| 350 | _a0 | ||
| 490 |
_aBuilding _v257(7741) 16 April 1992, 38-40(3) |
||
| 520 | _aReports on projects in Birmingham Heartlands, which, to gain more funding, has just become an urban development corporation. | ||
| 650 | _aBIRMINGHAM HEARTLANDS | ||
| 650 | _aBIRMINGHAM | ||
| 650 | _aBRITISH RAIL | ||
| 650 | _aFUNDING | ||
| 650 | _aHOUSE BUILDING | ||
| 650 | _aPARTNERSHIP | ||
| 650 | _aPRIVATE SECTOR | ||
| 650 | _aPUBLIC SECTOR | ||
| 650 | _aURBAN DEVELOPMENT CORPORATIONS | ||
| 690 | _aURBAN RENEWAL | ||
| 942 | _n0 | ||
| 948 | _c04/03/1997 | ||
| 999 |
_c35265 _d35265 |
||